| 000 | 00430nam a22001577a 4500 | ||
|---|---|---|---|
| 020 | _a9781445607696 | ||
| 082 |
_a822.33 _bNIC/H |
||
| 100 |
_aNicholas Fogg _944647 |
||
| 245 |
_aHidden Shakespeare: _ba biography/ _cby Nicholas Fogg |
||
| 260 |
_aUK: _bAmberley Publishing, _c2012. |
||
| 300 | _a320p. | ||
| 650 |
_aShakepeare Biography _944648 |
||
| 650 |
_aLiterature English _944649 |
||
| 650 |
_aLiterature _944650 |
||
| 942 | _cBK | ||
| 999 |
_c71271 _d71271 |
||